Slovensko-české literárne vzťahy včera a dnes

Bibliographic Details
Main Author: Kraus, Cyril, 1928-2012 (Author)
Format: Article
Language:Slovak
ISBN:8088676266
Subjects:

MARC

LEADER 00000naa a2200000 ar4500
001 vtls009335480
003 SK-MaSNL
005 20260302144312.0
008 080918c2000 xo |r|p|||||||000 b|slo
015 |a SNBRA2008/09  |2 snkbucl 
038 |a SNKBUCL 
040 |a SNKBUCL  |b slo  |c SNKBUCL  |e AACR2 
041 0 |a slo 
044 |a xo  |c SK 
080 |a 82.091:821.162.4:821.162.3  |2 2001 
080 |a 821.162.4.091:821.162.3  |2 2001 
080 |a 821.162.3.091:821.162.4  |2 2001 
080 |a 82(091):821.162.3"17/19"  |2 2001 
080 |a 82(091):821.162.4"17/19"  |2 2001 
080 |a 821.162.3  |x (091)  |x "17/19"  |2 2001 
080 |a 821.162.4  |x (091)  |x "17/19"  |2 2001 
100 1 |a Kraus, Cyril,  |d 1928-2012  |4 aut  |9 14532 
245 1 0 |a Slovensko-české literárne vzťahy včera a dnes  |c Cyril Kraus 
648 7 |a 18.-20. stor.  |2 snkbucl  |9 293384 
650 0 7 |a slovenská literatúra  |2 snkbucl  |9 1115 
650 0 7 |a česká literatúra  |2 snkbucl  |9 1178 
650 0 7 |a medziliterárne vzťahy  |2 snkbucl  |9 277284 
655 7 |a štúdie  |2 snkbucl  |9 57033 
773 0 |t Slovensko-české vzťahy a súvislosti  |d Bratislava : T.R.I.MÉDIUM, 2000  |g S. 83-96  |z 8088676266 
852 |a SNK  |b KIS3GCP 
958 |a LX 
958 |a SK 
958 |a PBCK2008 
958 |a CZ 
999 |c 1348522  |d 1350452